[Event "CAN-ch"]
[Site "Kitchener CAN"]
[Date "2007.08.02"]
[Round "3"]
[White "Hebert, Jean"]
[Black "Livshits, Ron"]
[Result "1/2-1/2"]
[WhiteElo "2391"]
[BlackElo "2316"]
[PlyCount "134"]
[GameId "2160767910580020"]
[EventDate "2007.08.01"]
[EventType "swiss"]
[EventRounds "9"]
[EventCountry "CAN"]
[SourceTitle "EXT 2022"]
[Source "ChessBase"]
[SourceDate "2021.10.06"]
[SourceVersion "1"]
[SourceVersionDate "2021.10.06"]
[SourceQuality "1"]

1. Nf3 Nf6 2. d4 d5 3. c4 c6 4. e3 a6 5. Bd3 Bg4 6. h3 Bh5 7. Nbd2 Nbd7 8. Qb3 dxc4 9. Qxc4 e6 10. b4 b5 11. Qb3 Nd5 12. a3 a5 13. bxa5 Qxa5 14. O-O Bd6 15. Bb2 Qa4 16. Qxa4 Rxa4 17. Rfc1 Ne7 18. Ne4 Bb8 19. Bc3 Bxf3 20. gxf3 Nb6 21. Bb4 Nbd5 22. Bc5 Ng6 23. Rab1 Ra8 24. f4 Nge7 25. Kf1 h6 26. h4 f5 27. Nd2 g5 28. hxg5 hxg5 29. fxg5 Kd7 30. Nf3 Ng6 31. Ke1 Bd6 32. Rb3 Rh3 33. Be2 Ra4 34. Bxd6 Kxd6 35. Kd2 Rh8 36. Ne5 Nxe5 37. dxe5+ Kd7 38. Rg1 Rha8 39. g6 Ke7 40. e4 fxe4 41. g7 Rg8 42. Rh3 e3+ 43. fxe3 Rxa3 44. Bh5 Ra2+ 45. Kd3 Rf2 46. Ke4 b4 47. Ra1 Nc3+ 48. Kd3 Ra2 49. Rxa2 Nxa2 50. Kc4 Rxg7 51. Kb3 Nc1+ 52. Kc2 Rg1 53. Bd1 Nd3 54. Rh7+ Kd8 55. Kxd3 Rxd1+ 56. Kc4 Rd5 57. Kxb4 Rxe5 58. Kc4 Rxe3 59. Kc5 Rd3 60. Kxc6 Ke8 61. Kc5 Kf8 62. Kc4 Rd1 63. Kc3 Kg8 64. Re7 Rd6 65. Kc4 Kf8 66. Rh7 Ke8 67. Kc5 Rd5+ 1/2-1/2

[Event "CAN-ch"]
[Site "Kitchener CAN"]
[Date "2007.08.03"]
[Round "4"]
[White "Stevens, Christian"]
[Black "Hebert, Jean"]
[Result "1/2-1/2"]
[WhiteElo "2288"]
[BlackElo "2391"]
[PlyCount "148"]
[GameId "2160767910580042"]
[EventDate "2007.08.01"]
[EventType "swiss"]
[EventRounds "9"]
[EventCountry "CAN"]
[SourceTitle "EXT 2022"]
[Source "ChessBase"]
[SourceDate "2021.10.06"]
[SourceVersion "1"]
[SourceVersionDate "2021.10.06"]
[SourceQuality "1"]

1. Nf3 Nf6 2. c4 c5 3. Nc3 e6 4. g3 b6 5. Bg2 Bb7 6. O-O a6 7. Re1 d6 8. e4 e5 9. d4 cxd4 10. Nxd4 exd4 11. e5 dxe5 12. Bxb7 Ra7 13. Qa4+ Qd7 14. Rxe5+ Kd8 15. Bg2 Bd6 16. Re1 dxc3 17. Qb3 Qc7 18. Be3 Nbd7 19. Qxc3 Re8 20. Rad1 Re6 21. b4 a5 22. a3 axb4 23. axb4 Ke7 24. Bh3 Qc6 25. Bg2 Qc7 26. Bh3 Be5 27. Qc2 Ra3 28. Bxe6 fxe6 29. c5 Rc3 30. Qa4 bxc5 31. bxc5 Nxc5 32. Qb4 Kf7 33. Bf4 Na6 34. Bxe5 Nxb4 35. Bxc7 Rxc7 36. Rd6 Re7 37. Ra1 Nbd5 38. Rda6 Nc7 39. Ra7 g5 40. Kg2 Kg6 41. Rc1 Nfd5 42. Rc4 Kf5 43. Rb7 Rg7 44. Ra7 h5 45. h4 g4 46. Rb7 Ke5 47. Rc6 Kd4 48. Ra7 Ke5 49. Rb7 Ne8 50. Rxg7 Nxg7 51. Rc8 Nf5 52. Rh8 Nf6 53. Ra8 Nd4 54. Rf8 Kf5 55. Ra8 Nf3 56. Rh8 e5 57. Rh6 e4 58. Rh8 Ne5 59. Ra8 Ke6 60. Ra6+ Kf5 61. Ra5 e3 62. fxe3 Ke4 63. Ra6 Nd5 64. Rh6 Nxe3+ 65. Kf2 Nd3+ 66. Kg1 Kf3 67. Rxh5 Nf2 68. Rh8 Nh3+ 69. Kh1 Kxg3 70. Rg8 Nd1 71. Rxg4+ Kxg4 72. Kh2 Ne3 73. h5 Nf1+ 74. Kg2 Kxh5 1/2-1/2

[Event "CAN-ch"]
[Site "Kitchener CAN"]
[Date "2007.08.03"]
[Round "5"]
[White "Hebert, Jean"]
[Black "Urquhart, Eddie"]
[Result "1-0"]
[WhiteElo "2391"]
[BlackElo "2195"]
[PlyCount "128"]
[GameId "2160767910580048"]
[EventDate "2007.08.01"]
[EventType "swiss"]
[EventRounds "9"]
[EventCountry "CAN"]
[SourceTitle "EXT 2022"]
[Source "ChessBase"]
[SourceDate "2021.10.06"]
[SourceVersion "1"]
[SourceVersionDate "2021.10.06"]
[SourceQuality "1"]

1. d4 Nf6 2. c4 e6 3. Nf3 d5 4. Nc3 dxc4 5. e3 c5 6. Bxc4 Nc6 7. O-O cxd4 8. exd4 Be7 9. Re1 O-O 10. a3 b6 11. Qd3 Bb7 12. Bb3 Re8 13. Bc2 g6 14. Bh6 Ng4 15. Bf4 Bd6 16. Bd2 Nf6 17. Rad1 a6 18. Bg5 Be7 19. h4 Qc7 20. Bb3 Rad8 21. Qe2 Kg7 22. Ba2 h6 23. Bc1 Ng4 24. d5 Bxh4 25. dxc6 Bxf2+ 26. Kf1 Bxc6 27. Ne5 Bxe1 28. Nxg4 Bxc3 29. Bxh6+ Kh7 30. bxc3 Bb5 31. c4 Bxc4 32. Bxc4 Rxd1+ 33. Qxd1 Qxc4+ 34. Kg1 Rc8 35. Qf3 f5 36. Bg5 Qc5+ 37. Be3 Qe7 38. Ne5 Kg7 39. Qf4 g5 40. Qd4 Kg8 41. Qxb6 f4 42. Qxa6 Rd8 43. Qe2 fxe3 44. Nc6 Qd6 45. Nxd8 Qxd8 46. Qxe3 Qd1+ 47. Kf2 Qc2+ 48. Kg3 Qf5 49. Qf3 Qe5+ 50. Kf2 Kg7 51. Qe3 Qb2+ 52. Kg3 Qf6 53. a4 Qe7 54. Qe5+ Kg6 55. a5 Qa3+ 56. Kh2 Qa2 57. Qb5 Qa3 58. Qb6 Kh5 59. a6 Qc1 60. Qxe6 Qf4+ 61. Kg1 Qd4+ 62. Kf1 Qa1+ 63. Ke2 Qb2+ 64. Kd3 Qxg2 1-0

[Event "CAN-ch"]
[Site "Kitchener CAN"]
[Date "2007.08.03"]
[Round "6"]
[White "Hebert, Jean"]
[Black "Noritsyn, Nikolay"]
[Result "1/2-1/2"]
[WhiteElo "2391"]
[BlackElo "2336"]
[PlyCount "66"]
[GameId "2160767910580063"]
[EventDate "2007.08.01"]
[EventType "swiss"]
[EventRounds "9"]
[EventCountry "CAN"]
[SourceTitle "EXT 2022"]
[Source "ChessBase"]
[SourceDate "2021.10.06"]
[SourceVersion "1"]
[SourceVersionDate "2021.10.06"]
[SourceQuality "1"]

1. d4 Nf6 2. c4 c5 3. d5 d6 4. Nc3 g6 5. e4 Bg7 6. Nf3 O-O 7. h3 Na6 8. Bd3 Nc7 9. O-O e5 10. Rb1 a5 11. Re1 Bd7 12. Bf1 Nfe8 13. Nh2 f5 14. exf5 gxf5 15. f4 e4 16. Be3 Rb8 17. Qc2 h5 18. Be2 h4 19. Nf1 Bd4 20. Red1 Qf6 21. Qd2 Bxe3+ 22. Qxe3 b5 23. b3 b4 24. Na4 Bxa4 25. bxa4 Kh8 26. Rd2 Rg8 27. Bd1 Qh6 28. g4 hxg3 29. Rg2 Nf6 30. Qd2 Rg7 31. Rb3 Rbg8 32. Rbxg3 Rxg3 33. Nxg3 Qh7 1/2-1/2

[Event "CAN-ch"]
[Site "Kitchener CAN"]
[Date "2007.08.03"]
[Round "7"]
[White "Panjwani, Raja"]
[Black "Hebert, Jean"]
[Result "0-1"]
[WhiteElo "2283"]
[BlackElo "2391"]
[PlyCount "86"]
[GameId "2160767910580081"]
[EventDate "2007.08.01"]
[EventType "swiss"]
[EventRounds "9"]
[EventCountry "CAN"]
[SourceTitle "EXT 2022"]
[Source "ChessBase"]
[SourceDate "2021.10.06"]
[SourceVersion "1"]
[SourceVersionDate "2021.10.06"]
[SourceQuality "1"]

1. e4 d6 2. Nc3 c5 3. Nf3 e5 4. Bc4 Nc6 5. d3 Be7 6. O-O Be6 7. Nd5 Nf6 8. Ng5 Bxd5 9. exd5 Nb8 10. f4 exf4 11. Bxf4 O-O 12. a4 Nbd7 13. a5 a6 14. Qf3 Re8 15. Qh3 Nf8 16. Nf3 Ng6 17. Bd2 Qd7 18. Qxd7 Nxd7 19. Ra3 Rac8 20. Rb3 Rc7 21. Re1 Kf8 22. Bc3 Bf6 23. Bxf6 Rxe1+ 24. Nxe1 Nxf6 25. Rb6 Rd7 26. Bb3 Ne7 27. Ba4 Nexd5 28. Rb3 Re7 29. Nf3 g6 30. h3 Nf4 31. g3 N4d5 32. Kf2 Ne3 33. Rb6 Nd1+ 34. Kf1 Nh5 35. c3 Nxg3+ 36. Kg2 Nf5 37. Bxd1 Ne3+ 38. Kg3 Nxd1 39. Ng5 h6 40. Ne4 c4 41. Rxd6 Nxb2 42. Nf6 cxd3 43. Kf4 Kg7 0-1

[Event "CAN-ch"]
[Site "Kitchener CAN"]
[Date "2007.08.05"]
[Round "9"]
[White "Hebert, Jean"]
[Black "Barron, Michael"]
[Result "1-0"]
[WhiteElo "2391"]
[BlackElo "2228"]
[PlyCount "59"]
[GameId "2160767910580100"]
[EventDate "2007.08.01"]
[EventType "swiss"]
[EventRounds "9"]
[EventCountry "CAN"]
[SourceTitle "EXT 2022"]
[Source "ChessBase"]
[SourceDate "2021.10.06"]
[SourceVersion "1"]
[SourceVersionDate "2021.10.06"]
[SourceQuality "1"]

1. d4 f5 2. g3 Nf6 3. Bg2 g6 4. c4 Bg7 5. Nc3 d6 6. Nf3 O-O 7. O-O Qe8 8. d5 a5 9. Nd4 Na6 10. b3 Bd7 11. Bb2 c6 12. Rc1 Nc7 13. dxc6 bxc6 14. Qd2 Ra6 15. e4 fxe4 16. Nxe4 Nxe4 17. Bxe4 c5 18. Ne2 Bc6 19. Bxg7 Kxg7 20. Qe3 e5 21. Bxc6 Qxc6 22. f4 exf4 23. Nxf4 Re8 24. Nh5+ gxh5 25. Qg5+ Kh8 26. Rf7 Ne6 27. Qf6+ Kg8 28. Rf1 Qe4 29. Rg7+ Nxg7 30. Qf7+ 1-0

[Event "Quebec op"]
[Site "Montreal CAN"]
[Date "2007.07.20"]
[Round "1"]
[White "Hebert, Jean"]
[Black "Szalay, Karoly"]
[Result "1-0"]
[WhiteElo "2391"]
[BlackElo "1982"]
[PlyCount "73"]
[GameId "2160767910576139"]
[EventDate "2007.07.20"]
[EventType "swiss"]
[EventRounds "9"]
[EventCountry "CAN"]

1. Nf3 d5 2. c4 e6 3. d4 c6 4. e3 Nf6 5. Nc3 Bd6 6. Qc2 Nbd7 7. b3 b6 8. Be2 Bb7 9. O-O O-O 10. Bb2 Rc8 11. Rad1 Qe7 12. e4 dxe4 13. Nxe4 Nxe4 14. Qxe4 Nf6 15. Qh4 Rfe8 16. Bd3 h6 17. Rfe1 Nh7 18. Qh5 Nf6 19. Qh3 Rcd8 20. Bc2 Bc8 21. Ne5 Qc7 22. Bc1 Nd7 23. Nxd7 Qxd7 24. c5 Bf8 25. Qg3 Kh8 26. Bf4 Be7 27. Bc7 Bh4 28. Qd3 f5 29. cxb6 Bf6 30. bxa7 Ba6 31. Qxa6 Qxc7 32. Rxe6 Rxe6 33. a8=Q Bxd4 34. g3 Rxa8 35. Qxa8+ Kh7 36. Bxf5+ g6 37. Bxe6 1-0

[Event "Quebec op"]
[Site "Montreal CAN"]
[Date "2007.07.21"]
[Round "2"]
[White "Rozentalis, Eduardas"]
[Black "Hebert, Jean"]
[Result "1/2-1/2"]
[WhiteElo "2551"]
[BlackElo "2391"]
[PlyCount "139"]
[GameId "2160767910576166"]
[EventDate "2007.07.20"]
[EventType "swiss"]
[EventRounds "9"]
[EventCountry "CAN"]
[SourceTitle "CBM 119 Extra"]
[Source "ChessBase"]
[SourceDate "2007.09.04"]
[SourceVersion "1"]
[SourceVersionDate "2007.09.04"]
[SourceQuality "1"]

1. e4 d6 2. d4 g6 3. Nc3 c6 4. g3 Bg7 5. Bg2 Nf6 6. Nge2 O-O 7. O-O e5 8. h3 Nbd7 9. Be3 Re8 10. Re1 b5 11. dxe5 dxe5 12. Nc1 Nb6 13. Qxd8 Rxd8 14. Nd3 Nfd7 15. a4 a6 16. Red1 Re8 17. b3 bxa4 18. Nxa4 Nxa4 19. Rxa4 Bf8 20. Rc4 Bb7 21. Nb4 Nb8 22. Bc5 a5 23. Bxf8 Kxf8 24. Nd3 Ba6 25. Ra4 Bxd3 26. Rxd3 Na6 27. Rd6 Nc5 28. Rc4 Re6 29. Rd1 Nb7 30. Rd7 Nd8 31. f4 Re7 32. Rd2 Rb7 33. fxe5 Rb5 34. e6 Nxe6 35. Rxc6 a4 36. bxa4 Rxa4 37. Kf2 Rc5 38. Rxc5 Nxc5 39. Re2 Ke7 40. e5 Ra5 41. c4 Nd3+ 42. Ke3 Nxe5 43. Kd4 Kd6 44. Bd5 Nc6+ 45. Ke4 Ra3 46. Kf4 Nd4 47. Re3 Ra7 48. h4 f6 49. Re4 Kc5 50. Re8 Ra3 51. Rc8+ Kd6 52. Ke4 Nf5 53. Rc6+ Kd7 54. Rxf6 Rxg3 55. c5 Re3+ 56. Kf4 Rc3 57. c6+ Ke8 58. Be4 Ke7 59. Rxf5 gxf5 60. Bxf5 h6 61. Bd7 Rc4+ 62. Kf5 Rxh4 63. Kg6 Kd6 64. Kg7 Kc7 65. Kg6 Kd6 66. Kg7 Rh2 67. Kh7 h5 68. Kg6 h4 69. Kg5 h3 70. Kh4 1/2-1/2

[Event "Quebec op"]
[Site "Montreal CAN"]
[Date "2007.07.22"]
[Round "3"]
[White "Hebert, Jean"]
[Black "Sandipan, Chanda"]
[Result "0-1"]
[WhiteElo "2391"]
[BlackElo "2563"]
[PlyCount "58"]
[GameId "2160767910576179"]
[EventDate "2007.07.20"]
[EventType "swiss"]
[EventRounds "9"]
[EventCountry "CAN"]
[SourceTitle "CBM 119 Extra"]
[Source "ChessBase"]
[SourceDate "2007.09.04"]
[SourceVersion "1"]
[SourceVersionDate "2007.09.04"]
[SourceQuality "1"]

1. Nf3 Nf6 2. c4 e6 3. g3 d5 4. Bg2 Be7 5. b3 O-O 6. Bb2 c5 7. O-O Nc6 8. cxd5 Nxd5 9. Nc3 Nxc3 10. Bxc3 Qc7 11. Rc1 e5 12. Qc2 Be6 13. Qb2 f6 14. e3 Rad8 15. d4 cxd4 16. exd4 e4 17. Nd2 f5 18. Nc4 Bg5 19. Rc2 Qf7 20. Ne5 Nxe5 21. dxe5 f4 22. Bxe4 Qh5 23. Bb4 Rf7 24. Rd2 Rxd2 25. Bxd2 fxg3 26. hxg3 Qe2 27. Qb1 Bxd2 28. Bxh7+ Kh8 29. Qe4 Be3 0-1

[Event "Quebec op"]
[Site "Montreal CAN"]
[Date "2007.07.23"]
[Round "4"]
[White "Masse, Hugues"]
[Black "Hebert, Jean"]
[Result "0-1"]
[WhiteElo "2181"]
[BlackElo "2391"]
[PlyCount "114"]
[GameId "2160767910576202"]
[EventDate "2007.07.20"]
[EventType "swiss"]
[EventRounds "9"]
[EventCountry "CAN"]
[SourceTitle "CBM 119 Extra"]
[Source "ChessBase"]
[SourceDate "2007.09.04"]
[SourceVersion "1"]
[SourceVersionDate "2007.09.04"]
[SourceQuality "1"]

1. d4 Nf6 2. c4 e6 3. Nc3 Bb4 4. Qc2 c5 5. dxc5 Na6 6. a3 Bxc3+ 7. Qxc3 Nxc5 8. b4 Nce4 9. Qd4 d5 10. cxd5 Qxd5 11. Qxd5 Nxd5 12. f3 Nd6 13. e4 Nb6 14. Bf4 Ke7 15. Rd1 Ndc4 16. Rc1 Nd6 17. Rd1 Rd8 18. e5 Ne8 19. Bg5+ f6 20. exf6+ gxf6 21. Rxd8 Kxd8 22. Bh4 a5 23. b5 Bd7 24. Bd3 Rc8 25. Ne2 Ke7 26. O-O Nc4 27. a4 Nb2 28. Bxh7 Nxa4 29. b6 Bb5 30. Ra1 Nxb6 31. Nd4 Ba6 32. Bf2 Nc4 33. Bd3 Ned6 34. Nb3 b6 35. h4 Bb5 36. h5 Bd7 37. Nd4 e5 38. Nc2 b5 39. h6 Bf5 40. Bxc4 Nxc4 41. Ne3 Nxe3 42. Bxe3 a4 43. g4 Bg6 44. Kf2 Ke6 45. g5 Rc2+ 46. Kg3 Rc3 47. Kf2 Rc2+ 48. Kg3 fxg5 49. Bxg5 Rc3 50. Kf2 a3 51. Bd2 Rc2 52. Ke3 a2 53. Rd1 Rc7 54. Ra1 Bb1 55. f4 exf4+ 56. Kxf4 b4 57. Be3 Rc4+ 0-1

[Event "Quebec op"]
[Site "Montreal CAN"]
[Date "2007.07.24"]
[Round "5"]
[White "Hebert, Jean"]
[Black "Kovalyov, Anton"]
[Result "0-1"]
[WhiteElo "2391"]
[BlackElo "2510"]
[PlyCount "72"]
[GameId "2160767910576214"]
[EventDate "2007.07.20"]
[EventType "swiss"]
[EventRounds "9"]
[EventCountry "CAN"]
[SourceTitle "CBM 119 Extra"]
[Source "ChessBase"]
[SourceDate "2007.09.04"]
[SourceVersion "1"]
[SourceVersionDate "2007.09.04"]
[SourceQuality "1"]

1. d4 Nf6 2. c4 e6 3. Nc3 Bb4 4. e3 b6 5. Bd3 Bb7 6. Nf3 O-O 7. O-O c5 8. Na4 cxd4 9. exd4 Be7 10. Bg5 d6 11. Re1 Nbd7 12. Rc1 Rc8 13. b4 Re8 14. Nc3 a6 15. h3 Nf8 16. Qe2 Nh5 17. Bxe7 Qxe7 18. Qe3 g6 19. a3 Nd7 20. Be4 Ndf6 21. Bxb7 Qxb7 22. Nd2 Red8 23. g4 Ng7 24. Nce4 Nge8 25. Ng3 a5 26. bxa5 bxa5 27. Rb1 Qa6 28. Qg5 Qa7 29. Qf4 Nd7 30. Qe4 d5 31. cxd5 Ndf6 32. Qd3 Nxd5 33. Nge4 Qe7 34. Qg3 Ndf6 35. Rb5 Rxd4 36. g5 Nh5 0-1

[Event "Quebec op"]
[Site "Montreal CAN"]
[Date "2007.07.25"]
[Round "6"]
[White "Ye, Ling Feng"]
[Black "Hebert, Jean"]
[Result "0-1"]
[WhiteElo "2141"]
[BlackElo "2391"]
[PlyCount "68"]
[GameId "2160767910576244"]
[EventDate "2007.07.20"]
[EventType "swiss"]
[EventRounds "9"]
[EventCountry "CAN"]
[SourceTitle "CBM 119 Extra"]
[Source "ChessBase"]
[SourceDate "2007.09.04"]
[SourceVersion "1"]
[SourceVersionDate "2007.09.04"]
[SourceQuality "1"]

1. e4 d6 2. d4 g6 3. Nc3 c6 4. Nf3 Bg7 5. Bd3 Nf6 6. O-O O-O 7. h3 Nbd7 8. Be3 e5 9. Qd2 exd4 10. Bxd4 Re8 11. Rfe1 b5 12. a3 a6 13. Rad1 c5 14. Be3 Bb7 15. Bg5 Qb6 16. b3 Rac8 17. Nd5 Nxd5 18. exd5 Rxe1+ 19. Rxe1 c4 20. bxc4 bxc4 21. Bf1 c3 22. Qd1 Nf6 23. Bxf6 Bxf6 24. Re4 Qc5 25. Rb4 Rc7 26. Bc4 a5 27. Ra4 Re7 28. Bb3 Ba6 29. Rf4 Re2 30. Nh2 Be5 31. Rf3 Rd2 32. Qe1 Qd4 33. Rd3 Bxh2+ 34. Kxh2 Bxd3 0-1

[Event "Quebec op"]
[Site "Montreal CAN"]
[Date "2007.07.26"]
[Round "7"]
[White "Sambuev, Bator"]
[Black "Hebert, Jean"]
[Result "1-0"]
[WhiteElo "2482"]
[BlackElo "2391"]
[PlyCount "75"]
[GameId "2160767910576256"]
[EventDate "2007.07.20"]
[EventType "swiss"]
[EventRounds "9"]
[EventCountry "CAN"]
[SourceTitle "CBM 119 Extra"]
[Source "ChessBase"]
[SourceDate "2007.09.04"]
[SourceVersion "1"]
[SourceVersionDate "2007.09.04"]
[SourceQuality "1"]

1. e4 d6 2. d4 Nf6 3. Nc3 e5 4. Nf3 Nbd7 5. Bc4 Be7 6. O-O O-O 7. Re1 c6 8. a4 Qc7 9. Ba2 b6 10. h3 a6 11. Bg5 Bb7 12. Nh4 g6 13. dxe5 dxe5 14. Bh6 Rfe8 15. Qf3 Bf8 16. Bg5 Bg7 17. Rad1 Rf8 18. Ne2 Kh8 19. Ng3 Ng8 20. Ngf5 gxf5 21. Nxf5 Nc5 22. Qg3 Ne6 23. Bh4 Rae8 24. Rd6 Ne7 25. Nxg7 Nxg7 26. Bf6 Ng6 27. Red1 Bc8 28. Qg5 Rg8 29. h4 Be6 30. Bxe6 Rxe6 31. Rd7 Rxf6 32. Qxf6 Qc8 33. h5 Nf8 34. Rxf7 Qg4 35. f3 Qf4 36. Rd8 Nfe6 37. Rxg8+ Kxg8 38. h6 1-0

[Event "Quebec op"]
[Site "Montreal CAN"]
[Date "2007.07.27"]
[Round "8"]
[White "Hebert, Jean"]
[Black "Vul, Arkadi"]
[Result "1-0"]
[WhiteElo "2391"]
[BlackElo "2312"]
[PlyCount "140"]
[GameId "2160767910576267"]
[EventDate "2007.07.20"]
[EventType "swiss"]
[EventRounds "9"]
[EventCountry "CAN"]
[SourceTitle "CBM 119 Extra"]
[Source "ChessBase"]
[SourceDate "2007.09.04"]
[SourceVersion "1"]
[SourceVersionDate "2007.09.04"]
[SourceQuality "1"]

1. d4 d5 2. Nf3 Nf6 3. c4 e6 4. e3 c6 5. Nc3 Nbd7 6. Qc2 Bd6 7. b3 O-O 8. Be2 dxc4 9. bxc4 e5 10. O-O Re8 11. Rd1 e4 12. Nd2 Qe7 13. a4 Nf8 14. Qb3 Ng4 15. g3 Nxh2 16. Ndxe4 Ng4 17. Ba3 Bxa3 18. Qxa3 Qe6 19. Qd6 Qf5 20. Qc5 Qg6 21. Qg5 Qxg5 22. Nxg5 Nf6 23. Bf3 Bg4 24. Rdb1 Bxf3 25. Nxf3 Re7 26. a5 Ne6 27. Rb2 Nd8 28. c5 a6 29. Rab1 Rc8 30. Ne5 Ne8 31. Nc4 f5 32. f3 Rb8 33. Kf2 Nc7 34. Nd6 g6 35. Nxb7 Nb5 36. Nd6 Ra8 37. Na4 Ne6 38. Nb6 Rd8 39. Nbc4 Kg7 40. Rc1 Kf6 41. Ne5 Rc7 42. Ndc4 Rg8 43. Nd3 h5 44. Nb4 g5 45. d5 Nxc5 46. Nb6 Nb7 47. Nxa6 Rh7 48. Rxc6+ N5d6 49. Nc4 h4 50. Nxd6 hxg3+ 51. Kxg3 Nxd6 52. Rxd6+ Ke5 53. Re6+ Kxd5 54. Reb6 f4+ 55. exf4 gxf4+ 56. Kxf4 Rh4+ 57. Ke3 Re8+ 58. Kf2 Rh2+ 59. Kg3 Rh7 60. Rd2+ Kc4 61. Rc6+ Kb3 62. Nc5+ Kb4 63. Ne4 Kxa5 64. Rb2 Rg8+ 65. Kf4 Rf7+ 66. Rf6 Rc7 67. Rf5+ Ka4 68. Rb1 Rgc8 69. Rf6 Ka5 70. Ra1+ Kb4 1-0

[Event "Quebec op"]
[Site "Montreal CAN"]
[Date "2007.07.28"]
[Round "9"]
[White "Perez Garcia, Rodney Oscar"]
[Black "Hebert, Jean"]
[Result "1-0"]
[WhiteElo "2420"]
[BlackElo "2391"]
[PlyCount "53"]
[GameId "2160767910576288"]
[EventDate "2007.07.20"]
[EventType "swiss"]
[EventRounds "9"]
[EventCountry "CAN"]
[SourceTitle "CBM 119 Extra"]
[Source "ChessBase"]
[SourceDate "2007.09.04"]
[SourceVersion "1"]
[SourceVersionDate "2007.09.04"]
[SourceQuality "1"]

1. e4 d6 2. d4 g6 3. Nc3 c6 4. Nf3 Bg7 5. Be2 Nf6 6. O-O O-O 7. Re1 Nbd7 8. Bf4 Qa5 9. Nd2 Qc7 10. d5 Re8 11. a4 a6 12. Nc4 cxd5 13. exd5 b6 14. Ra3 Nc5 15. Bf1 Bg4 16. Qd2 Nh5 17. Bg5 Nf6 18. b4 Nb7 19. Be3 Nd7 20. h3 Bf5 21. g4 e5 22. gxf5 gxf5 23. Bh6 Bf6 24. Ne3 f4 25. Ng4 a5 26. Nxf6+ Nxf6 27. Nb5 1-0

[Event "Sherbrooke op A"]
[Site "Sherbrooke CAN"]
[Date "2007.05.25"]
[Round "1"]
[White "Hebert, Jean"]
[Black "Kraiouchkine, Nikita"]
[Result "1-0"]
[WhiteElo "2418"]
[BlackElo "2071"]
[PlyCount "117"]
[GameId "2160767910676000"]
[EventDate "2007.05.25"]
[EventType "swiss"]
[EventRounds "5"]
[EventCountry "CAN"]
[SourceTitle "EXT 2022"]
[Source "ChessBase"]
[SourceDate "2021.10.06"]
[SourceVersion "1"]
[SourceVersionDate "2021.10.06"]
[SourceQuality "1"]

1. c4 e5 2. Nc3 Nc6 3. Nf3 Nf6 4. d4 exd4 5. Nxd4 Bb4 6. Bg5 Qe7 7. Ndb5 Ba5 8. e3 a6 9. Nd4 Qe5 10. Bf4 Bxc3+ 11. bxc3 Qa5 12. Qc2 d6 13. Be2 O-O 14. O-O Ne5 15. Nb3 Qa4 16. c5 Ng6 17. Bg3 dxc5 18. Bxc7 Qc6 19. Bg3 Be6 20. c4 Rad8 21. Na5 Qc8 22. Bf3 Bf5 23. Qb2 b5 24. cxb5 axb5 25. Nc6 Rd7 26. Rfc1 Be4 27. Rxc5 Qa8 28. Rac1 Bxf3 29. gxf3 Rc8 30. Kg2 h5 31. h4 Kh7 32. Nd4 Rxc5 33. Rxc5 Ra7 34. Rc2 b4 35. Nc6 Rb7 36. e4 Nd7 37. Qb3 Ndf8 38. Qd5 Ne6 39. Qxh5+ Kg8 40. Qa5 Qxa5 41. Nxa5 Rb5 42. Nb3 Nef4+ 43. Bxf4 Nxf4+ 44. Kg3 Ne6 45. Rc8+ Kh7 46. f4 g6 47. Rc4 Rb7 48. Kg4 Rb5 49. e5 Ng7 50. Rc7 Kg8 51. Rc8+ Kh7 52. Ra8 Rb7 53. Nc5 Rc7 54. Ne4 Nh5 55. Kg5 Kg7 56. f5 Rc1 57. f6+ Kh7 58. Kg4 Rc7 59. Ng5+ 1-0

[Event "Sherbrooke op A"]
[Site "Sherbrooke CAN"]
[Date "2007.05.26"]
[Round "2"]
[White "Larochelle, Martial"]
[Black "Hebert, Jean"]
[Result "0-1"]
[WhiteElo "2186"]
[BlackElo "2418"]
[PlyCount "78"]
[GameId "2160767910676006"]
[EventDate "2007.05.25"]
[EventType "swiss"]
[EventRounds "5"]
[EventCountry "CAN"]
[SourceTitle "EXT 2022"]
[Source "ChessBase"]
[SourceDate "2021.10.06"]
[SourceVersion "1"]
[SourceVersionDate "2021.10.06"]
[SourceQuality "1"]

1. Nf3 Nf6 2. c4 e6 3. Nc3 Bb4 4. Qc2 c5 5. a3 Ba5 6. g3 Nc6 7. Bg2 O-O 8. O-O Qe7 9. e3 d6 10. Rb1 e5 11. Nd5 Nxd5 12. cxd5 Nd8 13. b4 cxb4 14. axb4 Bb6 15. Bb2 f5 16. d4 e4 17. Nd2 Bd7 18. f3 exf3 19. Rxf3 Nf7 20. Re1 g6 21. Kh1 Rac8 22. Qb1 Ba4 23. e4 Bc2 24. Qa1 fxe4 25. Rfe3 Nh6 26. Nxe4 Ng4 27. Rc3 Rxc3 28. Nxc3 Qg7 29. h3 Bxd4 30. Nd1 Nf2+ 31. Kh2 Bxb2 32. Nxb2 Nd1 33. Re2 Rc8 34. Be4 Bxe4 35. Qxd1 Bf3 36. Nd3 Qc3 37. Nf2 Qc4 38. Re8+ Rxe8 39. Qxf3 Qe2 0-1

[Event "Sherbrooke op A"]
[Site "Sherbrooke CAN"]
[Date "2007.05.26"]
[Round "3"]
[White "Hebert, Jean"]
[Black "Szalay, Karoly"]
[Result "1-0"]
[WhiteElo "2418"]
[BlackElo "1999"]
[PlyCount "47"]
[GameId "2160767910676011"]
[EventDate "2007.05.25"]
[EventType "swiss"]
[EventRounds "5"]
[EventCountry "CAN"]
[SourceTitle "EXT 2022"]
[Source "ChessBase"]
[SourceDate "2021.10.06"]
[SourceVersion "1"]
[SourceVersionDate "2021.10.06"]
[SourceQuality "1"]

1. Nf3 d5 2. c4 e6 3. d4 c6 4. e3 Nf6 5. Bd3 Nbd7 6. Nbd2 dxc4 7. Nxc4 b5 8. Nce5 Bb7 9. O-O a6 10. a4 Nb6 11. Ng5 Qc7 12. Ngxf7 Rg8 13. Ng5 Bd6 14. f4 Qe7 15. Qb3 Nfd5 16. Bxh7 Rh8 17. Ng6 Qxg5 18. fxg5 Rxh7 19. Ne5 Nd7 20. Qc2 Rh4 21. g3 Rh3 22. Qg6+ Kd8 23. Qxe6 Bxe5 24. Qxh3 1-0

[Event "Sherbrooke op A"]
[Site "Sherbrooke CAN"]
[Date "2007.05.27"]
[Round "4"]
[White "Bolduc, Steve"]
[Black "Hebert, Jean"]
[Result "0-1"]
[WhiteElo "2332"]
[BlackElo "2418"]
[PlyCount "52"]
[GameId "2160767910676014"]
[EventDate "2007.05.25"]
[EventType "swiss"]
[EventRounds "5"]
[EventCountry "CAN"]
[SourceTitle "EXT 2022"]
[Source "ChessBase"]
[SourceDate "2021.10.06"]
[SourceVersion "1"]
[SourceVersionDate "2021.10.06"]
[SourceQuality "1"]

1. d4 Nf6 2. c4 e6 3. Nc3 Bb4 4. Nf3 b6 5. Bg5 Bb7 6. Qc2 h6 7. Bxf6 Qxf6 8. e4 c5 9. d5 Bxc3+ 10. bxc3 d6 11. Be2 Nd7 12. g3 O-O 13. O-O Rfe8 14. Nh4 b5 15. Rab1 Nb6 16. Rxb5 Ba6 17. Ra5 Bxc4 18. Bxc4 Nxc4 19. Ra6 exd5 20. exd5 Re5 21. Qd3 Nb6 22. c4 Rae8 23. Rxa7 Re4 24. Rc1 Qg5 25. Rb1 Rxh4 26. Rxb6 Re1+ 0-1

[Event "Sherbrooke op A"]
[Site "Sherbrooke CAN"]
[Date "2007.05.27"]
[Round "5"]
[White "Hebert, Jean"]
[Black "Forget, Luc"]
[Result "1-0"]
[WhiteElo "2418"]
[BlackElo "1962"]
[PlyCount "43"]
[GameId "2160767910676020"]
[EventDate "2007.05.25"]
[EventType "swiss"]
[EventRounds "5"]
[EventCountry "CAN"]
[SourceTitle "EXT 2022"]
[Source "ChessBase"]
[SourceDate "2021.10.06"]
[SourceVersion "1"]
[SourceVersionDate "2021.10.06"]
[SourceQuality "1"]

1. Nf3 Nf6 2. c4 c5 3. Nc3 Nc6 4. e3 e6 5. d4 Nxd4 6. exd4 d5 7. a3 Be7 8. Bd3 dxc4 9. Bxc4 O-O 10. O-O b6 11. Re1 Bb7 12. Ba2 Re8 13. Qd3 Qd7 14. Bg5 g6 15. Rad1 Rad8 16. Qd2 Qc7 17. Nb5 Qb8 18. Bf4 Qc8 19. Nc7 Nd5 20. Nxe8 Nxf4 21. Qxf4 Rxe8 22. d5 1-0